Developing a construction procurement strategy and selecting an appropriate route (Record no. 115038)
[ view plain ]
| 000 -LEADER | |
|---|---|
| fixed length control field | 00988cam a22002415a 4500 |
| 001 - CONTROL NUMBER | |
| control field | L157937 |
| 008 - FIXED-LENGTH DATA ELEMENTS--GENERAL INFORMATION | |
| fixed length control field | 130731s2013 xxk f 000 0 eng d |
| 020 ## - INTERNATIONAL STANDARD BOOK NUMBER | |
| International Standard Book Number | 9781783210213 |
| 035 ## - SYSTEM CONTROL NUMBER | |
| System control number | (Sirsi) u157937 |
| 041 0# - LANGUAGE CODE | |
| Language code of text/sound track or separate title | eng |
| 110 2# - MAIN ENTRY--CORPORATE NAME | |
| Corporate name or jurisdiction name as entry element | Royal Institution of Chartered Surveyors |
| 9 (RLIN) | 4900 |
| 245 00 - TITLE STATEMENT | |
| Title | Developing a construction procurement strategy and selecting an appropriate route |
| Statement of responsibility, etc. | [old edition] |
| 490 #0 - SERIES STATEMENT | |
| Series statement | RICS Guidance Note |
| 490 #0 - SERIES STATEMENT | |
| Series statement | RICS Black Book |
| 520 ## - SUMMARY, ETC. | |
| Summary, etc. | Presents recommendations for specific professional tasks intended to represent 'best practice'. |
| 520 ## - SUMMARY, ETC. | |
| Summary, etc. | Superseded by 2nd edition published August 2024, ISBN 9781783215362 |
| 590 ## - LOCAL NOTE (RLIN) | |
| Local note | KA |
| 650 ## - SUBJECT ADDED ENTRY--TOPICAL TERM | |
| Topical term or geographic name entry element | PROCUREMENT |
| 651 #4 - SUBJECT ADDED ENTRY--GEOGRAPHIC NAME | |
| Geographic name | ENGLAND AND WALES |
| 690 ## - LOCAL SUBJECT ADDED ENTRY--TOPICAL TERM (OCLC, RLIN) | |
| Topical term or geographic name as entry element | Construction management |
| 9 (RLIN) | 6230 |
| 856 ## - ELECTRONIC LOCATION AND ACCESS | |
| Uniform Resource Identifier | <a href="https://www.isurv.com/downloads/download/1793/developing_a_construction_procurement_strategy_and_selecting_an_appropriate_route">https://www.isurv.com/downloads/download/1793/developing_a_construction_procurement_strategy_and_selecting_an_appropriate_route</a> |
| Public note | Archived on isurv (subscription required) |
| 942 ## - ADDED ENTRY ELEMENTS (KOHA) | |
| Suppress in OPAC | 0 |
| Source of classification or shelving scheme | Dewey Decimal Classification |
| Withdrawn status | Lost status | Source of classification or shelving scheme | Damaged status | Not for loan | Home library | Current library | Shelving location | Date acquired | Total Checkouts | Full call number | Barcode | Date last seen | Copy number | Price effective from | Koha item type | Public note |
|---|---|---|---|---|---|---|---|---|---|---|---|---|---|---|---|---|
| Archives | Archives | RICS Boxes | 31/07/2013 | RICS 2013/20 | 30075017 | 06/08/2019 | 4 | 06/08/2019 | Archive | |||||||
| Dewey Decimal Classification | London | London | RICS Boxes | 31/07/2013 | RICS 2013/9 | 30075013 | 06/08/2019 | 1 | 06/08/2019 | Book | ||||||
| Dewey Decimal Classification | London | London | RICS Boxes | 31/07/2013 | RICS 2013/9 | 30075012 | 06/08/2019 | 2 | 06/08/2019 | Book | ||||||
| Dewey Decimal Classification | London | London | RICS Boxes | 31/07/2013 | RICS 2013/9 | 30075016 | 06/08/2019 | 3 | 06/08/2019 | Book | ||||||
| Virtual | Virtual | Online | 16/09/2024 | isurv | 16/09/2024 | 5 | 16/09/2024 | Online material | Archived on isurv (subscription required) |